[Event "ICS rated blitz match"]
[Site "204.178.125.65"]
[Date "2000.04.04"]
[Round "?"]
[White "Grantaba"]
[Black "Hossa"]
[Result "0-1"]
[WhiteElo "2033"]
[BlackElo "2487"]
[PlyCount "60"]

1. e4 c5 2. Nf3 e6 3. d4 cxd4 4. Nxd4 Nf6 5. Nc3 d6 6. Be2 Be7 7. Be3 O-O 8. f4
Nbd7 9. O-O Nc5 10. Bf3 d5 11. e5 Nfe4 12. Bxe4 Nxe4 13. Nxe4 dxe4 14. c3 f5
15. Qd2 Bc5 16. Qf2 Bxd4 17. Bxd4 b6 18. Kh1 Rf7 19. Rae1 Ba6 20. Rg1 Qd5 21.
Re3 Qxa2 22. h3 Bd3 23. g4 Raf8 24. g5 g6 25. h4 Rd8 26. Rh3 Rg7 27. h5 gxh5
28. Rxh5 Qd5 29. Qh2 e3+ 30. Qg2 Be4 0-1

[Event "ICS rated blitz match"]
[Site "204.178.125.65"]
[Date "2000.04.04"]
[Round "?"]
[White "Hossa"]
[Black "BigThunder"]
[Result "1-0"]
[WhiteElo "2489"]
[BlackElo "1985"]
[PlyCount "57"]

1. e4 c5 2. Nf3 Nc6 3. d4 cxd4 4. Nxd4 Nf6 5. Nc3 e5 6. Ndb5 d6 7. Bg5 a6 8.
Na3 b5 9. Bxf6 gxf6 10. Nd5 Bg7 11. Bd3 O-O 12. O-O Be6 13. Nb1 Bxd5 14. exd5
Ne7 15. Qh5 e4 16. Bxe4 f5 17. Bxf5 Nxf5 18. Qxf5 Bxb2 19. Nd2 Bxa1 20. Rxa1
Rc8 21. Ne4 f6 22. Qe6+ Kh8 23. Nxd6 Rc7 24. Nf5 Rxc2 25. Ne3 Re8 26. Qxa6 Rxe3
27. fxe3 Qxd5 28. Qxf6+ Kg8 29. Qf3 1-0

[Event "ICS rated blitz match"]
[Site "204.178.125.65"]
[Date "2000.04.04"]
[Round "?"]
[White "Grantaba"]
[Black "Hossa"]
[Result "0-1"]
[WhiteElo "2029"]
[BlackElo "2491"]
[PlyCount "84"]

1. e4 e5 2. Nf3 Nc6 3. Bc4 Bc5 4. b4 Bxb4 5. c3 Ba5 6. d4 d6 7. O-O exd4 8.
cxd4 Nf6 9. Qe2 Bg4 10. Bb2 O-O 11. Na3 d5 12. exd5 Re8 13. Qd3 Nxd5 14. Rad1
Bb4 15. Nc2 Nf4 16. Qb3 Qe7 17. d5 Na5 18. Qxb4 Qxb4 19. Nxb4 Nxc4 20. Ba1 Rad8
21. h3 Bxf3 22. gxf3 a5 23. Nc2 Re2 24. Nd4 Rxa2 25. Rfe1 Nxh3+ 26. Kh2 Nxf2
27. Kg3 Nxd1 28. Rxd1 Rxd5 29. Re1 h6 30. f4 Rxa1 31. Rxa1 Rxd4 32. Re1 b5 33.
Re7 c5 34. Rb7 Nd6 35. Rb8+ Kh7 36. Ra8 a4 37. Rc8 Nxc8 38. Kg4 Kg6 39. Kf3 Kf5
40. Kg3 Rd2 41. Kh4 Rd3 42. Kh5 Rh3# 0-1

[Event "ICS unrated blitz match"]
[Site "204.178.125.65"]
[Date "2000.04.04"]
[Round "?"]
[White "Insania"]
[Black "Hossa"]
[Result "1-0"]
[WhiteElo "2642"]
[BlackElo "2493"]
[PlyCount "111"]

1. d4 d5 2. c4 e6 3. Nc3 Nf6 4. Bg5 Be7 5. e3 O-O 6. Nf3 h6 7. Bh4 b6 8. cxd5
Nxd5 9. Bxe7 Qxe7 10. Nxd5 exd5 11. Bd3 Bg4 12. Rc1 Bxf3 13. Qxf3 Qb4+ 14. Rc3
Qxb2 15. Rxc7 Qa1+ 16. Qd1 Qxa2 17. O-O Na6 18. Bxa6 Qxa6 19. Qh5 Qa2 20. Rfc1
a6 21. h3 Rab8 22. Ra7 Rbe8 23. Rcc7 Kh7 24. Rxf7 Rxf7 25. Qxf7 Rg8 26. Qb7
Qb1+ 27. Kh2 Qf5 28. Qxb6 Qxf2 29. Qe6 Qf8 30. Rxa6 Qb8+ 31. Qe5 Qxe5+ 32. dxe5
Re8 33. e6 Kg6 34. Rd6 Kf6 35. Rxd5 Rxe6 36. Rd3 g5 37. Kg3 Ke5 38. Kf3 Rf6+
39. Ke2 Rd6 40. Rxd6 Kxd6 41. g4 Kd5 42. Kd3 Ke5 43. e4 Kf6 44. Kd4 Ke6 45. e5
Ke7 46. Kd5 Kd7 47. e6+ Ke7 48. Ke5 Kd8 49. Kd6 Ke8 50. e7 Kf7 51. Kd7 Kf6 52.
e8=Q Kg7 53. Ke7 Kh7 54. Kf8 Kh8 55. Qe5+ Kh7 56. Qg7# 1-0

[Event "ICS rated blitz match"]
[Site "204.178.125.65"]
[Date "2000.04.04"]
[Round "?"]
[White "Hossa"]
[Black "QueenMaxima"]
[Result "1-0"]
[WhiteElo "2493"]
[BlackElo "2586"]
[PlyCount "211"]

1. e4 Nf6 2. e5 Nd5 3. d4 d6 4. c4 Nb6 5. f4 dxe5 6. fxe5 g6 7. Nc3 Bg7 8. Nf3
c5 9. d5 Bg4 10. Bf4 N8d7 11. Qe2 O-O 12. O-O-O Qb8 13. Re1 Bxf3 14. gxf3 f6
15. Bh3 fxe5 16. Be6+ Kh8 17. Be3 Qc7 18. Bg5 Rae8 19. Nb5 Qb8 20. Kb1 Nf6 21.
Rhg1 Nh5 22. Rg4 Nf4 23. Bxf4 exf4 24. Qd3 Rd8 25. Re4 Rf6 26. Rg5 a6 27. Nc3
Qd6 28. Qc2 Qc7 29. h4 Nd7 30. h5 Bh6 31. Rg1 gxh5 32. Rh1 Nb6 33. Rxh5 Kg7 34.
Qh2 Rh8 35. b3 Qd6 36. Re2 Rg6 37. Bf5 Qf6 38. Bxg6 hxg6 39. Rhe5 Nc8 40. Qf2
b6 41. Qg1 Kf7 42. Qg4 Rg8 43. Kc2 Re8 44. Re6 Qg5 45. Qh3 Bg7 46. Ne4 Qf5 47.
Qg2 Bd4 48. Qh1 Rh8 49. Rh2 Rxh2+ 50. Qxh2 Be5 51. Qh4 Bg7 52. Kd1 Be5 53. Kc1
Kg7 54. Rc6 Kf7 55. Ng5+ Ke8 56. Ne6 Kd7 57. Qe1 Bd6 58. Qe2 Qf6 59. Kc2 Qf5+
60. Kb2 Qf6+ 61. Ka3 Qc3 62. Nf8+ Kd8 63. Nxg6 b5 64. cxb5 c4+ 65. Rxd6+ exd6
66. bxa6 cxb3 67. axb3 Qa1+ 68. Kb4 Qg1 69. Qc2 Qb6+ 70. Kc3 Qxa6 71. Nxf4 Ne7
72. Kb2 Qa7 73. Ne6+ Kd7 74. Qd2 Qa8 75. Nf4 Qh8+ 76. Ka2 Nf5 77. Qb4 Qa8+ 78.
Kb1 Qa6 79. Kb2 Qa7 80. Qb5+ Ke7 81. Qe2+ Qe3 82. Qxe3+ Nxe3 83. Kc3 Kf6 84.
Kd3 Nd1 85. Nh3 Ke5 86. Kd2 Nb2 87. Kc2 Kxd5 88. Kxb2 Kd4 89. b4 Kc4 90. f4 Kd5
91. Ng5 Kc6 92. f5 Kd7 93. f6 d5 94. Ne6 Kxe6 95. b5 Kxf6 96. b6 Kf5 97. b7 d4
98. b8=Q d3 99. Kc3 d2 100. Kxd2 Ke4 101. Qd6 Kf5 102. Ke3 Kg5 103. Qe6 Kh4
104. Qg6 Kh3 105. Kf3 Kh4 106. Qh6# 1-0

[Event "ICS rated blitz match"]
[Site "204.178.125.65"]
[Date "2000.04.04"]
[Round "?"]
[White "KyFats"]
[Black "Hossa"]
[Result "1/2-1/2"]
[WhiteElo "2748"]
[BlackElo "2513"]
[PlyCount "84"]

1. d4 d5 2. c4 e6 3. Nc3 Nf6 4. Bg5 Be7 5. e3 O-O 6. Nf3 Nbd7 7. Rc1 c6 8. Bd3
dxc4 9. Bxc4 Nd5 10. Bxe7 Qxe7 11. O-O Nxc3 12. Rxc3 e5 13. Qc2 exd4 14. exd4
Nb6 15. Re3 Qd8 16. Bb3 Nd5 17. Re5 f6 18. Bxd5+ cxd5 19. Re3 Bg4 20. Nd2 Re8
21. Rxe8+ Qxe8 22. h3 Be6 23. Re1 Qe7 24. Nb3 b6 25. Qf5 Bxf5 26. Rxe7 Bb1 27.
Nd2 Bxa2 28. Nf1 a5 29. Rb7 Re8 30. Ne3 Re4 31. Nf5 Re1+ 32. Kh2 Re2 33. Rxb6
Rxf2 34. Rb8+ Kf7 35. Rb7+ Kg6 36. Ne7+ Kh6 37. Kg3 Rd2 38. Nf5+ Kg6 39. Nh4+
Kh6 40. Nf5+ Kg6 41. Nh4+ Kh6 42. Nf5+ Kg6 1/2-1/2

[Event "ICS unrated standard match"]
[Site "204.178.125.65"]
[Date "2000.04.04"]
[Round "?"]
[White "Hossa"]
[Black "Insania"]
[Result "0-1"]
[WhiteElo "2321"]
[BlackElo "1800"]
[PlyCount "102"]

1. e4 Nf6 2. e5 Nd5 3. d4 d6 4. Nf3 Bg4 5. Be2 e6 6. O-O Be7 7. c4 Nb6 8. h3
Bh5 9. Nc3 N8d7 10. b3 O-O 11. exd6 cxd6 12. a4 Nb8 13. Ba3 Re8 14. Re1 Nc6 15.
Nd2 Bg6 16. Nf3 Bh5 17. Qd2 Na5 18. Rab1 Nc6 19. d5 exd5 20. cxd5 Bxf3 21. Bxf3
Ne5 22. Be4 Nbd7 23. f4 Ng6 24. Bxg6 hxg6 25. Re3 Qb6 26. Rbe1 Bf6 27. Kh1 Rxe3
28. Rxe3 Qxb3 29. Nb5 Qxa4 30. Qe2 Nb6 31. Re4 Qa6 32. Qd3 Rd8 33. g3 Na4 34.
Bb4 Nc5 35. Bxc5 dxc5 36. Qe2 Rxd5 37. Re8+ Kh7 38. h4 Qc6 39. Re4 Qd7 40. Qf3
Qxb5 41. Re2 Rd3 42. Re3 Rd2 43. Rb3 Qc4 44. Rb1 Qc2 45. Rd1 Rxd1+ 46. Qxd1
Qxd1+ 47. Kh2 Bd4 48. Kg2 Qe2+ 49. Kh3 Bg1 50. h5 Qh2+ 51. Kg4 Qxh5# 0-1

[Event "ICS rated blitz match"]
[Site "204.178.125.65"]
[Date "2000.04.04"]
[Round "?"]
[White "Hossa"]
[Black "Viveiros"]
[Result "1-0"]
[WhiteElo "2522"]
[BlackElo "2012"]
[PlyCount "40"]

1. e4 c5 2. Nf3 Nc6 3. d4 cxd4 4. Nxd4 Qc7 5. Nb5 Qb8 6. Bd3 a6 7. N5c3 e6 8.
Be3 Bb4 9. O-O Nf6 10. a3 Be7 11. Na4 Bd8 12. Nb6 Bxb6 13. Bxb6 d5 14. Nc3 dxe4
15. Nxe4 Nxe4 16. Bxe4 O-O 17. Qd3 h6 18. f4 Ne7 19. Bc5 Qc7 20. Qe3 Nd5 1-0

[Event "ICS rated standard match"]
[Site "204.178.125.65"]
[Date "2000.04.04"]
[Round "?"]
[White "Hossa"]
[Black "e-m29"]
[Result "0-1"]
[WhiteElo "2321"]
[BlackElo "2352"]
[PlyCount "120"]

1. e4 c5 2. Nf3 Nc6 3. d4 cxd4 4. Nxd4 e6 5. Nc3 Nf6 6. Nxc6 bxc6 7. e5 Nd5 8.
Ne4 Qc7 9. f4 Qb6 10. Bd3 Ba6 11. Bxa6 Qxa6 12. Kf2 Rd8 13. b3 d6 14. c4 dxe5
15. cxd5 cxd5 16. Nc3 Bc5+ 17. Kg3 Bd4 18. Bb2 exf4+ 19. Kxf4 e5+ 20. Kg3 Rc8
21. Rc1 Qg6+ 22. Qg4 Bf2+ 23. Kf3 Rxc3+ 24. Rxc3 e4+ 25. Qxe4+ Qxe4+ 26. Kxf2
Qf4+ 27. Ke2 O-O 28. Re3 d4 29. Rf3 Re8+ 30. Kd1 Qe4 31. Kd2 Qe2+ 32. Kc1 Qxg2
33. Rhf1 Re2 34. Bxd4 Qg5+ 35. Re3 Rxe3 36. Bxe3 Qxe3+ 37. Kd1 Qd3+ 38. Ke1
Qb1+ 39. Kf2 Qxa2+ 40. Kg3 Qxb3+ 41. Rf3 Qxf3+ 42. Kxf3 f5 43. h4 a5 44. Ke2 a4
45. Kd3 f4 46. Kc3 f3 47. Kd2 a3 48. h5 a2 49. Ke3 a1=Q 50. Kf4 Kf7 51. Ke4 Kf6
52. h6 Qa4+ 53. Ke3 gxh6 54. Kxf3 Qd4 55. Ke2 Kf5 56. Kf3 Qd3+ 57. Kf2 Kf4 58.
Ke1 Qc2 59. Kf1 Kf3 60. Ke1 Qc1# 0-1

[Event "ICS rated standard match"]
[Site "204.178.125.65"]
[Date "2000.04.04"]
[Round "?"]
[White "chuda"]
[Black "Hossa"]
[Result "0-1"]
[WhiteElo "2024"]
[BlackElo "2320"]
[PlyCount "67"]

1. e4 e5 2. Nf3 Nc6 3. Bb5 a6 4. Ba4 Nf6 5. O-O Be7 6. Re1 b5 7. Bb3 d6 8. c3
O-O 9. h3 Bb7 10. d4 Re8 11. Nbd2 Bf8 12. d5 Ne7 13. Nf1 a5 14. Bg5 a4 15. Bxf6
gxf6 16. Bc2 f5 17. Ng5 h6 18. Nf3 fxe4 19. Bxe4 f5 20. Bc2 e4 21. Nd4 Qd7 22.
Ng3 Bg7 23. Ne6 Be5 24. f4 Bxd5 25. fxe5 Qxe6 26. exd6 Qxd6 27. Qh5 Qxg3 28.
Qxh6 Kf7 29. Qh5+ Kg7 30. Qd1 a3 31. Qd4+ Kf7 32. Re3 axb2 33. Rb1 Qg7 34. Qe5
0-1

[Event "ICS rated standard match"]
[Site "204.178.125.65"]
[Date "2000.04.04"]
[Round "?"]
[White "Hossa"]
[Black "chuda"]
[Result "1-0"]
[WhiteElo "2325"]
[BlackElo "2019"]
[PlyCount "90"]

1. e4 d5 2. exd5 Nf6 3. d4 Bg4 4. Be2 Bxe2 5. Qxe2 Qxd5 6. Nf3 Nc6 7. c4 Qf5 8.
O-O O-O-O 9. d5 Nb4 10. Be3 Nc2 11. Nd4 Nxd4 12. Bxd4 e6 13. Nc3 exd5 14. Bxf6
gxf6 15. Nxd5 Bd6 16. Rfe1 Rhg8 17. g3 Rde8 18. Qxe8+ Rxe8 19. Rxe8+ Kd7 20.
Re2 h5 21. Rd2 Kc8 22. Rad1 b6 23. Re1 h4 24. Rde2 hxg3 25. fxg3 Bc5+ 26. Kg2
Kb7 27. h4 a5 28. b3 Bd6 29. Rf2 Qg4 30. Rf3 f5 31. Ref1 f4 32. Nxf4 Bxf4 33.
Rxf4 Qe2+ 34. R1f2 Qe6 35. Kh2 a4 36. Rxf7 axb3 37. axb3 b5 38. R7f6 Qg8 39.
Rf8 Qe6 40. R8f4 Qe3 41. R4f3 Qe6 42. cxb5 Kb6 43. Rf6 Qxf6 44. Rxf6+ Kxb5 45.
Rf4 c5 1-0

[Event "ICS rated blitz match"]
[Site "204.178.125.65"]
[Date "2000.04.04"]
[Round "?"]
[White "Hossa"]
[Black "PostModernist"]
[Result "1/2-1/2"]
[WhiteElo "2524"]
[BlackElo "2570"]
[PlyCount "64"]

1. e4 c6 2. d4 d5 3. Nc3 dxe4 4. Nxe4 Bf5 5. Ng3 Bg6 6. h4 h6 7. Nf3 Nd7 8. h5
Bh7 9. Bd3 Bxd3 10. Qxd3 Qc7 11. Bd2 e6 12. O-O-O O-O-O 13. Rde1 Ngf6 14. Kb1
Bd6 15. Ne4 Nxe4 16. Qxe4 Kb8 17. c4 Nf6 18. Qd3 Ng4 19. Qe2 Rhe8 20. Rh4 f5
21. Bc3 c5 22. Rhh1 Nf6 23. dxc5 Bxc5 24. Be5 Bd6 25. Bxf6 gxf6 26. Nd4 Be5 27.
Nf3 Bd6 28. Nd4 Qb6 29. Nb3 Qc6 30. Nd4 Qb6 31. Nb3 Qc6 32. Nd4 Qb6 1/2-1/2

[Event "ICS rated blitz match"]
[Site "204.178.125.65"]
[Date "2000.04.04"]
[Round "?"]
[White "PostModernist"]
[Black "Hossa"]
[Result "0-1"]
[WhiteElo "2568"]
[BlackElo "2526"]
[PlyCount "174"]

1. d4 Nf6 2. c4 d6 3. Nc3 e5 4. Nf3 Nbd7 5. e4 Be7 6. Be2 O-O 7. O-O c6 8. Re1
Re8 9. Bf1 Bf8 10. d5 Be7 11. Be2 Nc5 12. Qc2 Rf8 13. Rf1 Bg4 14. dxc6 bxc6 15.
Be3 Qa5 16. a3 Ne6 17. Rfd1 Qc7 18. h3 Bh5 19. Qd3 Rab8 20. b4 Rfd8 21. Rdc1
Qb7 22. Rab1 Nd7 23. Rd1 Qc7 24. a4 Nf6 25. Ng5 Bg6 26. Nxe6 fxe6 27. Rdc1 d5
28. cxd5 exd5 29. Bg5 Nxe4 30. Bxe7 Qxe7 31. Ra1 Nxf2 32. Qg3 Rf8 33. Rf1 Ne4
34. Nxe4 Bxe4 35. b5 c5 36. Qe3 Rxf1+ 37. Rxf1 Rc8 38. a5 Qd6 39. Bf3 Bxf3 40.
Qxf3 Qe6 41. b6 axb6 42. axb6 Rb8 43. b7 Qd7 44. Qa3 Qxb7 45. Qxc5 g6 46. Rd1
Rd8 47. Ra1 Rd7 48. Rd1 Kg7 49. Kh2 h6 50. Qc3 d4 51. Qc4 Qc7 52. Qe6 e4+ 53.
Kg1 Re7 54. Qd5 d3 55. Qd4+ Qe5 56. Qe3 Qc3 57. Rf1 Kh7 58. Rf4 Qb4 59. Rh4 h5
60. Rf4 Qd6 61. Rf1 Qc7 62. Kh1 Qc2 63. Rf2 Qb1+ 64. Kh2 Rd7 65. g3 Qb4 66. Rf1
Qb2+ 67. Kg1 d2 68. Rd1 Qc2 69. Qe2 e3 70. g4 Qxd1+ 71. Qxd1 e2 72. Qxe2 d1=Q+
73. Qxd1 Rxd1+ 74. Kf2 hxg4 75. hxg4 Kh6 76. Ke2 Rd4 77. Ke3 Rxg4 78. Kd3 Rf4
79. Kc3 g5 80. Kd3 g4 81. Ke3 Kg5 82. Kd3 g3 83. Kc3 g2 84. Kd3 g1=Q 85. Kc2
Rf3 86. Kd2 Qg2+ 87. Kd1 Rf1# 0-1

[Event "ICS rated standard match"]
[Site "204.178.125.65"]
[Date "2000.04.05"]
[Round "?"]
[White "chuda"]
[Black "Hossa"]
[Result "0-1"]
[WhiteElo "2014"]
[BlackElo "2330"]
[PlyCount "42"]

1. e4 e5 2. Nf3 Nc6 3. Bb5 Nf6 4. O-O Bc5 5. c3 O-O 6. d4 Bb6 7. Bg5 exd4 8.
cxd4 h6 9. Bh4 g5 10. Nxg5 hxg5 11. Bxg5 Bxd4 12. Nc3 Re8 13. Bxc6 dxc6 14. Qf3
Be5 15. Rad1 Qe7 16. Qd3 Bxh2+ 17. Kxh2 Ng4+ 18. Kg1 Qxg5 19. f4 Qc5+ 20. Kh1
Qh5+ 21. Qh3 Nf2+ 0-1

[Event "ICS rated standard match"]
[Site "204.178.125.65"]
[Date "2000.04.05"]
[Round "?"]
[White "Hossa"]
[Black "chuda"]
[Result "1-0"]
[WhiteElo "2334"]
[BlackElo "2010"]
[PlyCount "41"]

1. e4 d5 2. exd5 Nf6 3. d4 Bg4 4. Be2 Bxe2 5. Qxe2 Qxd5 6. Nf3 Nc6 7. c4 Qf5 8.
O-O O-O-O 9. d5 Nb4 10. Nc3 e6 11. Ne5 Nd7 12. Nxf7 Qxf7 13. dxe6 Qg6 14. exd7+
Rxd7 15. Be3 Nc2 16. Rad1 Rxd1 17. Rxd1 Nxe3 18. Qxe3 Bd6 19. Qxa7 b6 20. Qa8+
Kd7 21. Qxh8 1-0

[Event "ICS rated standard match"]
[Site "204.178.125.65"]
[Date "2000.04.05"]
[Round "?"]
[White "chuda"]
[Black "Hossa"]
[Result "0-1"]
[WhiteElo "2006"]
[BlackElo "2338"]
[PlyCount "62"]

1. e4 e5 2. Nf3 Nc6 3. Bb5 a6 4. Ba4 Nf6 5. O-O Be7 6. Bxc6 dxc6 7. d3 Nd7 8.
Nbd2 O-O 9. Nc4 f6 10. Nh4 Nc5 11. Nf5 Bxf5 12. exf5 a5 13. Qg4 b5 14. Bh6 Rf7
15. Nd2 Qd4 16. Ne4 Nxe4 17. dxe4 Qxb2 18. c4 Bc5 19. Rad1 Qxa2 20. Rd2 Qxc4
21. Rfd1 Bd4 22. Rxd4 exd4 23. e5 fxe5 24. f6 d3 25. Qg3 Qc2 26. Rf1 d2 27.
Bxg7 Rd8 28. Bh6+ Qg6 29. Qxg6+ hxg6 30. Rd1 Rxf6 31. Bxd2 Rfd6 0-1

[Event "ICS rated blitz match"]
[Site "204.178.125.65"]
[Date "2000.04.05"]
[Round "?"]
[White "QueenMaxima"]
[Black "Hossa"]
[Result "0-1"]
[WhiteElo "2521"]
[BlackElo "2544"]
[PlyCount "140"]

1. d4 d5 2. c4 e6 3. Nc3 Nf6 4. Nf3 Bb4 5. Bg5 dxc4 6. e4 c5 7. Bxc4 cxd4 8.
Nxd4 Bxc3+ 9. bxc3 Qa5 10. Bb5+ Nbd7 11. Bxf6 Qxc3+ 12. Kf1 gxf6 13. h4 Qa5 14.
Rc1 Qd8 15. Rh3 a6 16. Ra3 h5 17. Rac3 Ke7 18. Qa4 f5 19. Bxd7 Bxd7 20. Qb4+
Kf6 21. exf5 e5 22. Qd6+ Be6 23. Qxd8+ Rhxd8 24. Nxe6 fxe6 25. Rc7 exf5 26.
Rxb7 Rd6 27. Rh7 Kg6 28. Rhc7 Rad8 29. R1c6 f4 30. Kg1 e4 31. Rc5 e3 32. Rg5+
Kf6 33. fxe3 fxe3 34. Rxh5 Rd1+ 35. Kh2 e2 36. Rh6+ Kf5 37. Rf7+ Kg4 38. Rg7+
Kf5 39. Rg5+ Kf4 40. Rf6+ Ke3 41. Re5+ Kd2 42. Rf2 Re1 43. h5 Rd3 44. g4 Re3
45. Ref5 Ra1 46. Rf8 Kc3 47. Rxe2 Rxe2+ 48. Kg3 Raxa2 49. h6 a5 50. Rf3+ Kd4
51. g5 Ke4 52. Kg4 Rg2+ 53. Rg3 Rh2 54. g6 Rxh6 55. g7 Rg6+ 56. Kh3 Rxg7 57.
Rxg7 Rf2 58. Ra7 Rf5 59. Kg3 Ke3 60. Re7+ Kd2 61. Kg4 Rb5 62. Kf4 a4 63. Ke4 a3
64. Ra7 Rb3 65. Kd4 Kc1 66. Kd5 Kb2 67. Rg7 a2 68. Rg2+ Ka3 69. Rxa2+ Kxa2 70.
Kc5 Rd3 0-1

[Event "ICS rated standard match"]
[Site "204.178.125.65"]
[Date "2000.04.05"]
[Round "?"]
[White "GodsProperty"]
[Black "Hossa"]
[Result "1-0"]
[WhiteElo "2384"]
[BlackElo "2346"]
[PlyCount "67"]

1. c4 e5 2. Nc3 Nf6 3. Nf3 Nc6 4. g3 Bb4 5. Bg2 O-O 6. O-O e4 7. Ng5 Bxc3 8.
bxc3 Re8 9. f3 exf3 10. Nxf3 d5 11. d4 Ne4 12. Qc2 dxc4 13. Rb1 f5 14. g4 fxg4
15. Ne5 Nxe5 16. dxe5 Ng5 17. Bxg5 Qxg5 18. Bd5+ Kh8 19. Qe4 g3 20. h4 Qe7 21.
Rf7 Qa3 22. e6 Qxc3 23. Rbf1 Rg8 24. e7 g2 25. Rd1 Bg4 26. Qxg4 Qc2 27. e3 Qxa2
28. Be4 Qa4 29. Qh5 Qxd1+ 30. Qxd1 h6 31. Qh5 Rgd8 32. e8=Q+ Rxe8 33. Qg6 Rxe4
34. Qxg7# 1-0

[Event "ICS rated standard match"]
[Site "204.178.125.65"]
[Date "2000.04.05"]
[Round "?"]
[White "Hossa"]
[Black "GodsProperty"]
[Result "0-1"]
[WhiteElo "2334"]
[BlackElo "2401"]
[PlyCount "140"]

1. e4 c5 2. Nf3 Nc6 3. d4 cxd4 4. Nxd4 e6 5. Nc3 Bc5 6. Ndb5 Qb6 7. Be3 Bxe3 8.
fxe3 Kf8 9. Qd2 a6 10. Na4 Qd8 11. Nd6 b5 12. Nc5 Qg5 13. Nb3 Nf6 14. a4 Rb8
15. axb5 axb5 16. Qf2 Qe5 17. O-O-O Ba6 18. Kb1 h5 19. g3 h4 20. gxh4 Qh5 21.
Be2 Qxh4 22. Qxh4 Rxh4 23. Nc5 Rb6 24. Nxa6 Rxa6 25. Bxb5 Ra5 26. c4 Ne5 27.
Rd4 Nf3 28. Rd3 Ng4 29. Nb7 Nf2 30. Nxa5 Nxd3 31. Bxd7 Rxe4 32. Bc6 Rxe3 33.
Bxf3 Rxf3 34. Rd1 e5 35. Kc2 Nb4+ 36. Kd2 f5 37. Nb7 Rh3 38. Nc5 Nc6 39. Rh1
Ke7 40. Nd3 g5 41. Nf2 Rb3 42. Nd1 Nd4 43. h4 gxh4 44. Kc1 Rb4 45. Ne3 Kd6 46.
Rxh4 f4 47. Rh6+ Kc5 48. Nd5 Rxc4+ 49. Nc3 Rb4 50. Ne4+ Kc4 51. Kb1 Kd3 52.
Nc5+ Ke3 53. Ra6 Nb5 54. Rh6 e4 55. Ne6 f3 56. Rh1 Rc4 57. Ng5 Ke2 58. Rh2+ f2
59. b3 Rb4 60. Kc2 e3 61. Rh1 f1=Q 62. Rxf1 Kxf1 63. Nf3 Nd4+ 64. Nxd4 Rxd4 65.
Kc3 Rg4 66. b4 e2 67. Kb2 e1=Q 68. b5 Qb4+ 69. Kc2 Rc4+ 70. Kd3 Qc3# 0-1

[Event "ICS rated standard match"]
[Site "204.178.125.65"]
[Date "2000.04.05"]
[Round "?"]
[White "hentairaper"]
[Black "Hossa"]
[Result "1/2-1/2"]
[WhiteElo "2199"]
[BlackElo "2322"]
[PlyCount "228"]

1. e4 e5 2. Nf3 Nc6 3. Bb5 a6 4. Ba4 Nf6 5. O-O Be7 6. Re1 b5 7. Bb3 d6 8. c3
O-O 9. h3 Bb7 10. d4 Re8 11. Nbd2 Bf8 12. Bc2 g6 13. d5 Ne7 14. Nb3 c6 15. Bg5
Bg7 16. dxc6 Nxc6 17. Qd2 a5 18. a4 b4 19. Rad1 bxc3 20. bxc3 Re6 21. Bd3 Ne7
22. Bh6 Nc8 23. Bxg7 Kxg7 24. Bc4 Re7 25. Nc5 Bc6 26. Ng5 Qe8 27. Bxf7 Rxf7 28.
Nce6+ Kg8 29. Nxf7 Qxf7 30. Nd8 Qc4 31. Nxc6 Qxc6 32. Qa2+ Kg7 33. Qb1 Nb6 34.
Qb5 Qxb5 35. axb5 Nc4 36. Rb1 Rb8 37. f3 Ne8 38. b6 Rxb6 39. Rxb6 Nxb6 40. Ra1
a4 41. Rb1 Nc4 42. Rb4 Na3 43. Kf2 h6 44. Rxa4 Nb5 45. c4 Nd4 46. Ra7+ Kf6 47.
h4 Ne6 48. Rd7 Nc5 49. Rh7 Nd3+ 50. Ke2 Nb2 51. Rh8 Ng7 52. Rxh6 Ne6 53. Rh7
Nf4+ 54. Kf1 Nxc4 55. g3 Ne6 56. Kf2 Nd4 57. g4 Nb2 58. g5+ Ke6 59. h5 gxh5 60.
Rxh5 Nd3+ 61. Ke3 Ne1 62. Rh3 Kf7 63. Rh6 Ne6 64. Rh7+ Kg8 65. g6 Ng2+ 66. Kf2
Ngf4 67. Rd7 Nxg6 68. Rxd6 Kf7 69. Rd7+ Kf6 70. Ke2 Ngf4+ 71. Ke3 Kg6 72. Rb7
Nd4 73. Rd7 Nb5 74. Rb7 Na3 75. Rc7 Ne6 76. Rc6 Kf7 77. Rxe6 Kxe6 78. f4 Nc2+
79. Kf3 Nd4+ 80. Ke3 Nc6 81. fxe5 Ke7 82. e6 Ne5 83. Kf4 Nd3+ 84. Kg5 Nc1 85.
e5 Nb3 86. Kh6 Nd2 87. Kg5 Nf3+ 88. Kh6 Ng1 89. Kg5 Ne2 90. Kh6 Nc3 91. Kg5 Nb5
92. Kh6 Na3 93. Kg5 Nc2 94. Kh6 Ne3 95. Kg5 Nd5 96. Kh6 Nb6 97. Kg5 Nc4 98. Kh6
Kd8 99. e7+ Ke8 100. e6 Nb6 101. Kg5 Kxe7 102. Kh6 Nc4 103. Kg5 Ne3 104. Kh6
Nc2 105. Kg5 Nd4 106. Kh6 Nf3 107. Kg7 Ng5 108. Kh8 Ne4 109. Kg7 Nc3 110. Kh8
Ne2 111. Kg7 Nf4 112. Kh8 Nd3 113. Kg7 Nf4 114. Kh8 Nd3 1/2-1/2

[Event "ICS Rated standard match"]
[Site "204.178.125.65"]
[Date "2000.04.05"]
[Round "?"]
[White "Hossa"]
[Black "MineQL"]
[Result "0-1"]
[WhiteElo "2321"]
[BlackElo "1950"]
[PlyCount "130"]

1. e4 e5 2. Nf3 Nf6 3. Nxe5 d6 4. Nxf7 Kxf7 5. d4 c5 6. dxc5 Nc6 7. Bc4+ Be6 8.
Bxe6+ Kxe6 9. O-O d5 10. e5 Nxe5 11. Be3 Qc7 12. b4 Neg4 13. g3 Nxe3 14. fxe3
Qe5 15. Qd4 Ne4 16. c3 g6 17. Na3 Bh6 18. Rae1 Qxd4 19. exd4 Raf8 20. Nb5 Kd7
21. c4 Nd2 22. cxd5 Nxf1 23. Rxf1 Be3+ 24. Kg2 Rxf1 25. Kxf1 Rf8+ 26. Ke2 Bg1
27. h4 Rf2+ 28. Kd3 Rxa2 29. Nd6 Bh2 30. Nxb7 Bxg3 31. c6+ Kc7 32. Nc5 Ra3+ 33.
Kc2 Bd6 34. Ne6+ Kc8 35. b5 Rh3 36. Ng7 Rxh4 37. Kd3 Rh3+ 38. Kc4 Re3 39. Ne6
Re1 40. Ng5 h5 41. Nf7 Kc7 42. Ng5 Rb1 43. Kd3 Rxb5 44. Kc4 Rb1 45. Kc3 a5 46.
Ne6+ Kb6 47. Kc2 Rb5 48. Kd3 a4 49. c7 Bxc7 50. Nc5 a3 51. Na4+ Ka6 52. Nc3 Rb2
53. d6 Bxd6 54. Ke4 Bb4 55. Nd1 Rd2 56. Ne3 a2 57. Nd5 a1=Q 58. Nxb4+ Kb5 59.
Nc2 Qf1 60. Kd5 Rxc2 61. Kd6 Qf4+ 62. Kd5 Qf7+ 63. Ke5 Re2+ 64. Kd6 Re6+ 65.
Kd5 Qf5# 0-1

[Event "ICS rated standard match"]
[Site "204.178.125.65"]
[Date "2000.04.05"]
[Round "?"]
[White "PostModernist"]
[Black "Hossa"]
[Result "1-0"]
[WhiteElo "2357"]
[BlackElo "2292"]
[PlyCount "93"]

1. e4 e5 2. d4 exd4 3. c3 dxc3 4. Bc4 cxb2 5. Bxb2 d6 6. Qb3 Qd7 7. Nc3 Nc6 8.
Nd5 Na5 9. Qg3 f6 10. Be2 c6 11. Nf4 b6 12. Ngh3 g6 13. O-O Bg7 14. Bc3 Nb7 15.
Bc4 Nc5 16. f3 Ba6 17. Bxa6 Nxa6 18. Rfd1 Nc5 19. Ne2 d5 20. Nhf4 Ne7 21. Bd4
Na6 22. Nh5 O-O 23. Nxg7 Kxg7 24. Nf4 Kg8 25. Nh5 Qe6 26. Re1 Nc8 27. exd5 Qf5
28. Nxf6+ Rxf6 29. Bxf6 Qxf6 30. Re8+ Kg7 31. Rc1 Qd4+ 32. Kh1 c5 33. d6 Nb4
34. d7 Qxd7 35. Qe5+ Kf7 36. Rh8 Qd4 37. Rxh7+ Kg8 38. Rh8+ Kf7 39. Qe8+ Kf6
40. Re1 Qd5 41. Rh6 Qg8 42. Qe5+ Kf7 43. Qe6+ Kg7 44. Rxg6+ Kh8 45. Rxg8+ Kh7
46. Qf7+ Kh6 47. Re6# 1-0

[Event "ICS rated blitz match"]
[Site "204.178.125.65"]
[Date "2000.04.05"]
[Round "?"]
[White "Hossa"]
[Black "PostModernist"]
[Result "1-0"]
[WhiteElo "2559"]
[BlackElo "2529"]
[PlyCount "127"]

1. d4 d5 2. c4 e6 3. Nc3 c6 4. e3 Nf6 5. Nf3 Nbd7 6. cxd5 exd5 7. Bd3 Bd6 8.
O-O O-O 9. Bd2 Re8 10. Qc2 Nf8 11. e4 dxe4 12. Nxe4 Nxe4 13. Bxe4 Bg4 14. Ng5
g6 15. h3 Be6 16. Nf3 f5 17. Bd3 Bd5 18. Bc4 Bc7 19. Qb3 Bxc4 20. Qxc4+ Ne6 21.
Rfe1 Qd6 22. Ng5 Qxd4 23. Qb3 Qxd2 24. Nxe6 Bb6 25. Nd8+ Kg7 26. Rxe8 Qxf2+ 27.
Kh1 Rxd8 28. Qg8+ Kh6 29. Rxd8 Bxd8 30. Qf8+ Kh5 31. Qxd8 Qxb2 32. Qd1+ Kh6 33.
Rb1 Qxa2 34. Qc1+ g5 35. Rxb7 Qa4 36. Qc5 Qa1+ 37. Kh2 Qf6 38. Rd7 Kh5 39. g4+
fxg4 40. Rxh7+ Kg6 41. Qc2+ Qf5 42. Rg7+ Kxg7 43. Qxf5 gxh3 44. Qxg5+ Kf7 45.
Kxh3 Ke6 46. Qc5 Kd7 47. Qxa7+ Kd6 48. Qd4+ Kc7 49. Kg4 Kb7 50. Kf5 Ka6 51. Ke6
Ka5 52. Qc3+ Ka4 53. Kd6 c5 54. Qc2+ Ka3 55. Qb1 c4 56. Kc5 c3 57. Qa1+ Kb3 58.
Kd4 c2 59. Qc3+ Ka4 60. Qxc2+ Kb5 61. Qc7 Ka6 62. Qb8 Ka5 63. Kc5 Ka4 64. Qb4#
1-0

[Event "ICS rated blitz match"]
[Site "204.178.125.65"]
[Date "2000.04.05"]
[Round "?"]
[White "Hossa"]
[Black "Beadle"]
[Result "0-1"]
[WhiteElo "2574"]
[BlackElo "2593"]
[PlyCount "114"]

1. e4 c5 2. Nf3 e6 3. d4 cxd4 4. Nxd4 Nc6 5. Nc3 Qc7 6. Be2 a6 7. f4 Bb4 8.
Nxc6 Bxc3+ 9. bxc3 Qxc6 10. Qd4 Nf6 11. e5 Nd5 12. Bd2 b5 13. a4 Bb7 14. Rb1
Ne7 15. Rg1 Nf5 16. Qf2 Qe4 17. g4 Ne7 18. Rb4 Qxc2 19. Bd1 Qg6 20. axb5 axb5
21. Rxb5 Bc6 22. Rb4 O-O 23. Bc1 Ra1 24. Bb2 Ra2 25. Bc2 Qh6 26. Bb1 Ra5 27.
Rb3 Rfa8 28. c4 Ra4 29. Bd3 R4a6 30. g5 Qh5 31. c5 Ra4 32. Be2 Qg6 33. Bd3 Be4
34. Be2 Nd5 35. Rgg3 Bc2 36. Rb7 Rxf4 37. Qg2 Re4 38. Ra3 Rc8 39. Bc1 Rxe5 40.
Rxd7 Bd3 41. Ra2 Bxe2 42. Rxe2 Qb1 43. Rxe5 Qxc1+ 44. Kf2 Qxc5+ 45. Kf1 Qb5+
46. Qe2 Rc1+ 47. Kf2 Qxd7 48. Kg3 Rc3+ 49. Kg4 f5+ 50. gxf6 Nxf6+ 51. Kf4 Qd4+
52. Re4 Nh5+ 53. Qxh5 Qf6+ 54. Kg4 Qf3+ 55. Kh4 Qh3+ 56. Kg5 Qf5+ 57. Kh4 Rh3#
0-1